000 00773nam a2200205 i 4500
001 53468
003 ES-MaACL
005 20250927102626.0
007 t|
008 950929s1863 fr |||| | fre d
245 0 4 _aLes Evangiles apocryphes ; suivis d'une notice sur les principaux livres apocryphes de l'ancien testament /
_ctraduits et annotés d'après l'édition de J. C. Thilo par Gustave Brunet.
250 _a2e éd. augm.
260 _aParis :
_bAlbert L. Herold,
_c1863 (
_eBoulogne :
_fJules Boyer)
300 _a[4], XVI, 378 p. ;
_c17 cm.
700 1 _aBrunet, Pierre-Gustave,
_d1805-1896
_932158
700 1 _aThilo, Johann Carl (
_d1794-1853)
_9155692
730 0 2 _aBiblia.
_pApócrifos.
_9119280
852 _aES-MaACL
_jD-1535
999 _c53468
_d53468